[Event "AUTO-OPEN-374"]
[Site "http://www.queenalice.com/game.php?id=101465"]
[Date "2006.9.1"]
[Round "1"]
[White "papalucas"]
[Black "GabrielPoesia5"]
[Result "1-0"]
[WhiteElo "1514"]
[BlackElo "1343"]

1. e4 c5 2. Qf3 Nc6 3. Bc4 Nf6 4. g4 Ne5 5. Qe3 Nfxg4 6. Qb3 e6 7. f3 Qh4+ 8.
Ke2 Qf2+ 9. Kd1 Qg2 10. fxg4 Qxh1 11. d3 Nf3 12. d4 Qxg1+ 13. Ke2 Nxd4+ 14. Kd2
Nxb3+ 15. axb3 Qxh2+ 16. Kd1 Be7 17. Nd2 Bh4 18. Nf3 Qh1+ 19. Ke2 Qg2+ 20. Ke3
1-0

[Event "AUTO-OPEN-374"]
[Site "http://www.queenalice.com/game.php?id=101466"]
[Date "2006.9.1"]
[Round "1"]
[White "GabrielPoesia5"]
[Black "papalucas"]
[Result "0-1"]
[WhiteElo "1333"]
[BlackElo "1509"]

1. Nf3 d5 2. g3 c6 3. Bg2 e6 4. O-O Nf6 5. d4 Qd6 6. Bf4 Qb4 7. b3 Qb5 8. Nc3
Qb4 9. Qd3 Qa3 10. Ne5 Na6 11. Bf3 b5 12. Bg5 Nb4 13. Qd2 h6 14. Bxf6 gxf6 15.
Nd3 e5 16. dxe5 d4 17. Nb1 Qa5 18. Nxb4 Bb7 0-1

[Event "AUTO-OPEN-374"]
[Site "http://www.queenalice.com/game.php?id=101495"]
[Date "2006.9.1"]
[Round "1"]
[White "GabrielPoesia5"]
[Black "Nephi_R"]
[Result "0-1"]
[WhiteElo "1323"]
[BlackElo "1945"]

1. e4 c5 2. Nf3 d6 3. Bb5+ Bd7 4. Bxd7+ Nxd7 5. Nc3 Ngf6 6. d3 e6 7. O-O Be7 8.
Bg5 h6 9. Bxf6 Nxf6 10. d4 cxd4 11. Qxd4 a6 12. e5 dxe5 13. Qxd8+ Rxd8 0-1

[Event "AUTO-OPEN-374"]
[Site "http://www.queenalice.com/game.php?id=101496"]
[Date "2006.9.1"]
[Round "1"]
[White "Nephi_R"]
[Black "GabrielPoesia5"]
[Result "1-0"]
[WhiteElo "1943"]
[BlackElo "1323"]

1. e4 e5 2. Nf3 Nf6 3. Nxe5 Qe7 4. Nf3 Qxe4+ 5. Qe2 Nc6 6. d3 Qxe2+ 7. Bxe2 Bd6
8. O-O Ng4 9. Nc3 b6 10. h3 Nge5 11. Be3 Nxf3+ 12. Bxf3 Bb7 13. Ne4 1-0

[Event "AUTO-OPEN-374"]
[Site "http://www.queenalice.com/game.php?id=101497"]
[Date "2006.9.1"]
[Round "1"]
[White "GabrielPoesia5"]
[Black "Ftrupel"]
[Result "0-1"]
[WhiteElo "1358"]
[BlackElo "1812"]

1. d4 Nf6 2. Bg5 d5 3. Nc3 e6 4. Nf3 h6 5. Bxf6 Qxf6 6. g3 Nc6 7. Bg2 Bd6 8. O-O
Ne7 9. Qd3 Bd7 10. Rad1 Ng6 11. Nb5 a6 12. Nxd6+ cxd6 13. Qb3 Bc6 14. Qb4 Qe7
15. Nh4 Nxh4 16. gxh4 O-O 17. h5 Rac8 18. Rd3 Bb5 19. Rg3 Bxe2 20. Qd2 Bxf1 21.
Qxh6 f5 22. Kxf1 Rxc2 23. Qg6 Qc7 24. Qxe6+ Kh8 25. h6 Qc4+ 26. Kg1 Rc1+ 0-1

[Event "AUTO-OPEN-374"]
[Site "http://www.queenalice.com/game.php?id=101498"]
[Date "2006.9.1"]
[Round "1"]
[White "Ftrupel"]
[Black "GabrielPoesia5"]
[Result "1-0"]
[WhiteElo "1814"]
[BlackElo "1358"]

1. e4 e5 2. Nf3 Nc6 3. Bc4 Bc5 4. c3 Nf6 5. b4 Bxf2+ 6. Kxf2 Nxe4+ 7. Ke1 d6 8.
d3 d5 9. Bb5 Bd7 10. dxe4 dxe4 11. Bxc6 bxc6 12. Nxe5 O-O 13. Qxd7 Qh4+ 14. g3
Qf6 15. Nxc6 Rfe8 16. Rf1 Qe6 17. Qxe6 Rxe6 18. Nd4 Rh6 19. Bxh6 gxh6 20. Nd2 e3
21. N2f3 Rd8 22. Ke2 Re8 23. Nc6 a6 24. Nfd4 Re4 25. Nf5 Re6 26. Ncd4 1-0

[Event "Challenge"]
[Site "http://www.queenalice.com/game.php?id=105391"]
[Date "2006.9.13"]
[Round "-"]
[White "kathieD"]
[Black "GabrielPoesia5"]
[Result "1-0"]
[WhiteElo "1013"]
[BlackElo "1395"]

1. e4 e5 2. Qh5 Nf6 3. Qh4 Bc5 4. g4 Nxe4 5. Qh3 Nxf2 6. Qg2 Qf6 7. d4 Bxd4 8.
g5 Qf5 9. Qd5 Nd3+ 10. Bxd3 Qf2+ 11. Kd1 d6 12. g6 Bg4+ 13. Be2 Qf1+ 14. Kd2
Be3+ 15. Kxe3 Qxc1+ 16. Ke4 Bxe2 17. Kf5 Qxc2+ 18. Kg5 h6+ 19. Kh4 Qxg6 20. Nxe2
1-0

[Event "Challenge"]
[Site "http://www.queenalice.com/game.php?id=105392"]
[Date "2006.9.13"]
[Round "-"]
[White "GabrielPoesia5"]
[Black "Rodrigo_250s"]
[Result "0-1"]
[WhiteElo "1358"]
[BlackElo "1415"]

1. e4 e5 2. Nf3 Nc6 3. Bb5 Nf6 4. O-O d5 5. Nxe5 a6 6. Nxc6 Qd7 7. exd5 Bd6 8.
Ba4 Nxd5 9. Re1+ Kf8 10. Nb4 Qxa4 11. Nxd5 Bg4 12. f3 Qd4+ 13. Ne3 Be6 14. c3
Qe5 15. Kf2 Qxh2 16. Rh1 Qg3+ 17. Kg1 h5 18. d4 h4 19. Nd2 h3 20. Ne4 h2+ 21.
Kf1 Qg6 22. Nxd6 cxd6 0-1

[Event "Challenge - Vamos jogar ele todo"]
[Site "http://www.queenalice.com/game.php?id=105418"]
[Date "2006.9.13"]
[Round "-"]
[White "Tourniquet"]
[Black "GabrielPoesia5"]
[Result "1-0"]
[WhiteElo "1761"]
[BlackElo "1436"]

1. d4 Nf6 2. c4 g6 3. Nf3 Bg7 4. e3 O-O 5. Nc3 d5 6. c5 Nc6 7. Qb3 b6 8. Bd3 Bg4
9. Ng5 Na5 10. Qa3 bxc5 11. Qxa5 c4 12. Bc2 h6 13. h3 Bf5 14. Nf3 Nh5 15. Bxf5
gxf5 16. Qxd5 e6 17. Qc5 Kh8 18. O-O Rg8 19. Rd1 Bf8 20. Qxc4 f4 21. exf4 Bd6
22. d5 Qf6 23. Ne2 Qg6 24. Nh4 1-0

[Event "Challenge"]
[Site "http://www.queenalice.com/game.php?id=106672"]
[Date "2006.9.16"]
[Round "-"]
[White "GabrielPoesia5"]
[Black "Pato"]
[Result "0-1"]
[WhiteElo "1396"]
[BlackElo "2022"]

1. Nf3 b6 2. g3 Bb7 3. Bg2 f5 4. d4 Nf6 5. O-O e6 6. Be3 d6 7. c4 Be7 8. Nc3 O-O
9. d5 e5 10. Ng5 Qd7 11. Ne6 Rf7 12. Qc2 g6 13. Bh6 Ne8 14. Rfd1 Na6 15. e4 c5
16. Bh3 Nb4 17. Qe2 Bf8 18. Bxf8 Rxf8 19. exf5 gxf5 20. Nxf8 Kxf8 21. a3 Na6 0-1

[Event "Challenge"]
[Site "http://www.queenalice.com/game.php?id=109223"]
[Date "2006.9.23"]
[Round "-"]
[White "kqrpnb"]
[Black "GabrielPoesia5"]
[Result "1-0"]
[WhiteElo "1512"]
[BlackElo "1413"]

1. e4 e5 2. Nf3 Nf6 3. Nxe5 Qe7 4. d4 d6 5. Nf3 Qxe4+ 6. Be3 d5 7. Nc3 Qg4 8.
Qd3 Bf5 9. Qb5+ Nc6 10. Qxb7 Rb8 11. Qxc6+ Nd7 12. Nxd5 Bd6 13. Bb5 O-O 14. Ne7+
1-0

[Event "Let's Play Chess!"]
[Site "http://www.queenalice.com/game.php?id=109225"]
[Date "2006.9.24"]
[Round "-"]
[White "GabrielPoesia5"]
[Black "gishnob"]
[Result "0-1"]
[WhiteElo "1454"]
[BlackElo "1207"]

1. Nf3 Nc6 2. g3 e5 3. e4 d6 4. Bg2 Bg4 5. O-O Nd4 6. d3 c5 7. Be3 Qf6 8. Bxd4
cxd4 9. Na3 O-O-O 10. Nb1 Nh6 11. Nbd2 Bxf3 0-1

[Event "AUTO-INT-187"]
[Site "http://www.queenalice.com/game.php?id=110512"]
[Date "2006.9.27"]
[Round "1"]
[White "CampbellMarcel"]
[Black "GabrielPoesia5"]
[Result "1-0"]
[WhiteElo "1684"]
[BlackElo "1306"]

1. e4 e5 2. Nf3 Nc6 3. Bc4 Nf6 4. O-O d5 5. exd5 Nxd5 6. d4 e4 7. Re1 Nf6 8. Ng5
Ne5 9. dxe5 Qxd1 10. Rxd1 Be6 11. Nxe6 fxe6 12. Bxe6 1-0

[Event "AUTO-INT-187"]
[Site "http://www.queenalice.com/game.php?id=110513"]
[Date "2006.9.27"]
[Round "1"]
[White "GabrielPoesia5"]
[Black "CampbellMarcel"]
[Result "0-1"]
[WhiteElo "1304"]
[BlackElo "1686"]

1. e4 d5 2. exd5 Qxd5 3. Nc3 Qe5+ 4. Be2 Nf6 5. Nf3 Qa5 6. d4 e6 7. Bg5 Be7 8.
O-O O-O 9. Qd3 h6 10. Bxf6 Bxf6 11. Qe4 c6 0-1